000 01201nam a2200565Ia 4500
003 OSt
005 20140319093206.0
008 140130s9999 xx 000 0 und d
020 _a9780590440158
050 _aPZ 8.1
_b.B755Mi 1990
100 _aBrett, Jan.
245 _cJan Brett.
_aThe Mitten /
260 _bScholastic Inc.,
_cc1990.
_aUSA :
300 _a30 p. :
_bcol. ill. ;
_c26 cm.
440 _v1
521 _aG6
526 _c800
650 _aFolklore
_xUkraine.
650 _aMittens
_xFolklore.
942 _cBK
_2lcc
999 _c42185
_d42185